| 000 | 00428nam a2200181Ia 4500 | ||
|---|---|---|---|
| 005 | 20250423100241.0 | ||
| 008 | 250422s9999 xx 000 0 und d | ||
| 020 | _a81-261-1789-3 | ||
| 050 | _aPE 1068 .S53/ | ||
| 100 | _aShamsi, Nayyer | ||
| 245 | 0 | _aModern teaching of english | |
| 260 | _aNew Delhi | ||
| 260 | _bAnmol Publications Pvt.Ltd | ||
| 260 | _c2004 | ||
| 300 | _a318 p | ||
| 650 | _aEnglish | ||
| 942 | _cBK | ||
| 999 |
_c32734 _d32734 |
||